|
|
|
|
| LEADER |
00687nab a2200181 i 4500 |
| 001 |
acta24280 |
| 005 |
20210601115227.0 |
| 008 |
161017s1985 hu o 0|| eng d |
| 022 |
|
|
|a 0001-6721
|
| 040 |
|
|
|a SZTE Egyetemi Kiadványok Repozitórium
|b hun
|
| 041 |
|
|
|a eng
|
| 100 |
1 |
|
|a Weitkamp J.
|
| 245 |
1 |
0 |
|a Alkylation of hydrocarbons with zeolite catalysts - commercial applications and mechanistic aspects
|h [elektronikus dokumentum] /
|c Weitkamp J.
|
| 260 |
|
|
|c 1985
|
| 300 |
|
|
|a 271-290
|
| 490 |
0 |
|
|a Acta physica et chemica
|v 31 No. 1-2
|
| 695 |
|
|
|a Természettudomány, Kémia, Fizika
|
| 856 |
4 |
0 |
|u http://acta.bibl.u-szeged.hu/24280/1/phys_chem_031_fasc_001_002_271-290.pdf
|z Dokumentum-elérés
|